<?xml version="1.0" encoding="UTF-8"?>
<record
    xmlns:xsi="http://www.w3.org/2001/XMLSchema-instance"
    xsi:schemaLocation="http://www.loc.gov/MARC21/slim http://www.loc.gov/standards/marcxml/schema/MARC21slim.xsd"
    xmlns="http://www.loc.gov/MARC21/slim">

  <leader>02609nam a2200457   4500</leader>
  <controlfield tag="003">OSt</controlfield>
  <controlfield tag="005">20260513073152.0</controlfield>
  <controlfield tag="008">260513b        |||||||| |||| 00| 0 aze d</controlfield>
  <datafield tag="020" ind1=" " ind2=" ">
    <subfield code="a">9952418679</subfield>
  </datafield>
  <datafield tag="040" ind1=" " ind2=" ">
    <subfield code="a">AZ-XaKU</subfield>
    <subfield code="b">aze</subfield>
    <subfield code="c">AZ-XaKU</subfield>
  </datafield>
  <datafield tag="041" ind1="0" ind2=" ">
    <subfield code="a">aze</subfield>
    <subfield code="a">per</subfield>
    <subfield code="h">per</subfield>
    <subfield code="h">ara</subfield>
  </datafield>
  <datafield tag="050" ind1="1" ind2="4">
    <subfield code="a">PL314 .F9899 .W89256 2005</subfield>
  </datafield>
  <datafield tag="100" ind1="1" ind2=" ">
    <subfield code="a">F&#xFC;zuli, M&#x259;h&#x259;mm&#x259;d,</subfield>
    <subfield code="c">&#x15F;air, m&#xFC;t&#x259;f&#x259;kkir v&#x259; filosof,</subfield>
    <subfield code="d">1494-1556,</subfield>
    <subfield code="e">m&#xFC;&#x259;llif.</subfield>
  </datafield>
  <datafield tag="245" ind1="1" ind2="0">
    <subfield code="a">&#x18F;s&#x259;rl&#x259;ri</subfield>
    <subfield code="b"> : Alt&#x131; cildd&#x259;</subfield>
    <subfield code="c"> / M&#x259;h&#x259;mm&#x259;d F&#xFC;zuli ; t&#x259;rtib ed&#x259;n H&#x259;mid Arasl&#x131; ; t&#x259;rc&#xFC;m&#x259; ed&#x259;nl&#x259;r H. Arasl&#x131;, M. Sultanov, M. M&#xFC;bariz ; redaktor Teymur K&#x259;rimli ; burax&#x131;l&#x131;&#x15F;a m&#x259;sul &#x18F;ziz G&#xFC;l&#x259;liyev ; texniki redaktor R&#xF6;v&#x15F;&#x259;n A&#x11F;ayev ; t&#x259;rtibat&#xE7;&#x131;-r&#x259;ssam N&#x259;rgiz &#x18F;liyeva ; korrektor P&#x259;rinaz S&#x259;m&#x259;dova</subfield>
    <subfield code="n">IV cild</subfield>
  </datafield>
  <datafield tag="250" ind1=" " ind2=" ">
    <subfield code="a">T&#x259;krar n&#x259;&#x15F;r.</subfield>
  </datafield>
  <datafield tag="264" ind1=" " ind2=" ">
    <subfield code="a">Bak&#x131; :</subfield>
    <subfield code="b">&#x15E;&#x259;rq-q&#x259;rb ,</subfield>
    <subfield code="c">2005.</subfield>
  </datafield>
  <datafield tag="300" ind1=" " ind2=" ">
    <subfield code="a">343, [1] s&#x259;hif&#x259; ;</subfield>
    <subfield code="b">foto&#x15F;&#x259;kil ;</subfield>
    <subfield code="c">22 sm.</subfield>
  </datafield>
  <datafield tag="336" ind1=" " ind2=" ">
    <subfield code="a">text</subfield>
    <subfield code="b">txt</subfield>
    <subfield code="2">rdacontent</subfield>
  </datafield>
  <datafield tag="337" ind1=" " ind2=" ">
    <subfield code="a">unmediated</subfield>
    <subfield code="b">n</subfield>
    <subfield code="2">rdamedia</subfield>
  </datafield>
  <datafield tag="338" ind1=" " ind2=" ">
    <subfield code="a">volume </subfield>
    <subfield code="b">nc</subfield>
    <subfield code="2">rdacarrier</subfield>
  </datafield>
  <datafield tag="490" ind1="1" ind2=" ">
    <subfield code="a">Klassik Az&#x259;rbaycan &#x259;d&#x259;biyyat&#x131;.</subfield>
  </datafield>
  <datafield tag="500" ind1=" " ind2=" ">
    <subfield code="a">Az&#x259;rbaycan Respublikas&#x131;n&#x131;n Prezidenti &#x130;lham &#x18F;liyevin "Az&#x259;rbaycan dilind&#x259; lat&#x131;n qrafikas&#x131; il&#x259; k&#xFC;tl&#x259;vi n&#x259;&#x15F;rl&#x259;rin h&#x259;yata ke&#xE7;irilm&#x259;si haqq&#x131;nda" 12 yanvar 2004-c&#xFC; il tarixli s&#x259;r&#x259;ncam&#x131; il&#x259; n&#x259;&#x15F;r olunur v&#x259; &#xF6;lk&#x259; kitabxanalar&#x131;na h&#x259;diyy&#x259; edilir.</subfield>
  </datafield>
  <datafield tag="500" ind1=" " ind2=" ">
    <subfield code="a">L&#xFC;&#x11F;&#x259;t : s. 319-340.</subfield>
  </datafield>
  <datafield tag="500" ind1=" " ind2=" ">
    <subfield code="a">Bu kitab "M&#x259;h&#x259;mm&#x259;d F&#xFC;zuli. &#x18F;s&#x259;rl&#x259;ri. Alt&#x131; cildd&#x259;. IV cild" (Bak&#x131;, "Az&#x259;rbaycan" n&#x259;&#x15F;riyyat&#x131;, 1996) n&#x259;&#x15F;ri &#x259;sas&#x131;nda t&#x259;krar n&#x259;&#x15F;r&#x259; haz&#x131;rlanm&#x131;&#x15F;d&#x131;r.</subfield>
  </datafield>
  <datafield tag="505" ind1="0" ind2=" ">
    <subfield code="a">T&#xFC;rkc&#x259; q&#x259;sid&#x259;l&#x259;r -- Farsca q&#x259;sid&#x259;l&#x259;r -- &#x18F;r&#x259;bc&#x259; q&#x259;sid&#x259;l&#x259;r -- F&#x259;zliy&#x259; n&#x259;sih&#x259;t.</subfield>
  </datafield>
  <datafield tag="520" ind1="0" ind2=" ">
    <subfield code="a">&#x18F;s&#x259;rl&#x259;rinin t&#x259;qdim olunan cildind&#x259; &#x15F;airin ana dilind&#x259; q&#x259;l&#x259;m&#x259; ald&#x131;&#x11F;&#x131; q&#x259;sid&#x259;l&#x259;ri, fars v&#x259; &#x259;r&#x259;b dill&#x259;rind&#x259; dini s&#x259;ciyy&#x259;li q&#x259;sid&#x259;l&#x259;rinin t&#x259;rc&#xFC;m&#x259;l&#x259;ri toplanm&#x131;&#x15F;d&#x131;r.</subfield>
  </datafield>
  <datafield tag="546" ind1=" " ind2=" ">
    <subfield code="a">Kitabda h&#x259;m&#xE7;inin fars dilind&#x259; d&#x259; yaz&#x131;lar verilmi&#x15F;dir.</subfield>
  </datafield>
  <datafield tag="650" ind1=" " ind2="7">
    <subfield code="2">AZ-XaKU</subfield>
    <subfield code="a">B&#x259;dii &#x259;d&#x259;biyyat</subfield>
    <subfield code="x">Az&#x259;rbaycan &#x259;d&#x259;biyyat&#x131;</subfield>
    <subfield code="y">15-16-c&#x131; &#x259;sr.</subfield>
  </datafield>
  <datafield tag="655" ind1=" " ind2=" ">
    <subfield code="2">AZ-XaKU</subfield>
    <subfield code="a">Q&#x259;sid&#x259;.</subfield>
  </datafield>
  <datafield tag="700" ind1="1" ind2=" ">
    <subfield code="a">Arasl&#x131;, H&#x259;mid,</subfield>
    <subfield code="d">1909-1983,</subfield>
    <subfield code="e">t&#x259;rtib ed&#x259;ni.</subfield>
  </datafield>
  <datafield tag="700" ind1="1" ind2=" ">
    <subfield code="a">K&#x259;rimli, Teymur,</subfield>
    <subfield code="d">1953-</subfield>
    <subfield code="e">redaktor.</subfield>
  </datafield>
  <datafield tag="700" ind1="1" ind2=" ">
    <subfield code="a">M&#xFC;bariz, M.,</subfield>
    <subfield code="e">t&#x259;rc&#xFC;m&#x259;&#xE7;i.</subfield>
  </datafield>
  <datafield tag="700" ind1="1" ind2=" ">
    <subfield code="a">Sultanov, M. </subfield>
    <subfield code="e">t&#x259;rc&#xFC;m&#x259;&#xE7;i.</subfield>
  </datafield>
  <datafield tag="700" ind1="1" ind2=" ">
    <subfield code="a">G&#xFC;l&#x259;liyev, &#x18F;ziz,</subfield>
    <subfield code="e">burax&#x131;l&#x131;&#x15F;a m&#x259;sul.</subfield>
  </datafield>
  <datafield tag="700" ind1="1" ind2=" ">
    <subfield code="a">A&#x11F;ayev, R&#xF6;v&#x15F;&#x259;n,</subfield>
    <subfield code="e">texniki redaktor.</subfield>
  </datafield>
  <datafield tag="700" ind1="1" ind2=" ">
    <subfield code="a">&#x18F;liyeva, N&#x259;rgiz,</subfield>
    <subfield code="e">t&#x259;rtibat&#xE7;&#x131;-r&#x259;ssam.</subfield>
  </datafield>
  <datafield tag="700" ind1="1" ind2=" ">
    <subfield code="a">S&#x259;m&#x259;dova, P&#x259;rinaz,</subfield>
    <subfield code="e">korrektor.</subfield>
  </datafield>
  <datafield tag="830" ind1=" " ind2="0">
    <subfield code="a">Klassik Az&#x259;rbaycan &#x259;d&#x259;biyyat&#x131;.</subfield>
  </datafield>
  <datafield tag="942" ind1=" " ind2=" ">
    <subfield code="c">BOOK</subfield>
  </datafield>
  <datafield tag="999" ind1=" " ind2=" ">
    <subfield code="c">434</subfield>
    <subfield code="d">434</subfield>
  </datafield>
  <datafield tag="952" ind1=" " ind2=" ">
    <subfield code="0">0</subfield>
    <subfield code="1">0</subfield>
    <subfield code="2">lcc</subfield>
    <subfield code="4">0</subfield>
    <subfield code="7">0</subfield>
    <subfield code="8">GC</subfield>
    <subfield code="a">KU</subfield>
    <subfield code="b">BEL</subfield>
    <subfield code="d">2026-05-13</subfield>
    <subfield code="l">0</subfield>
    <subfield code="o">PL314 .F9899 .W89256 2005 c.3</subfield>
    <subfield code="p">0000000775</subfield>
    <subfield code="r">2026-05-13 07:19:02</subfield>
    <subfield code="t">3</subfield>
    <subfield code="w">2026-05-13</subfield>
    <subfield code="y">BOOK</subfield>
  </datafield>
</record>
